000 00857nam0a2200253 4500
001 RU\NLR\BIBL_A\010952816
005 20250624203458.0
035 _a(NLR Aleph) 010952816
090 _a10783045
_c10783045
100 _a20160118d1931 |||y0rusy50 ca
101 0 _aalt
102 _aRU
105 _ay z 000 y
200 1 _aЧибирткендӱ тиф-ла, ойто катап келертиф
_eБ. А. Пулкис
210 _aУлалу
_cОйрот. обл. су кадык чадарын башкарак бӧлӱк чыгарган
_d1931
215 _a27 с.
_d18
300 _aЛатин. графика
541 1 _aСыпной и возвратный тиф
_zrus
686 1 _aР194.4
700 1 _aПулкис
_bБ. А.
_4070
852 _aNLR
_bОНЛ
_jАлт./2-460
942 _cBOOK
980 _aNB